[Event "Oberliga Nord N 1920"]
[Site "Germany"]
[Date "2020.03.01"]
[Round "7.7"]
[White "Zieher, Hartmut"]
[Black "Haschimi, Haschem"]
[Result "1-0"]
[WhiteElo "2146"]
[BlackElo "1900"]
[PlyCount "77"]
[EventDate "2019.09.29"]
[EventType "team-tourn"]
[EventRounds "9"]
[EventCountry "GER"]
[SourceTitle "CBM 195 Extra"]
[Source "ChessBase"]
[SourceDate "2020.05.31"]
[SourceVersion "1"]
[SourceVersionDate "2020.05.31"]
[SourceQuality "1"]

1. e4 c5 2. Nf3 Nc6 3. d4 cxd4 4. Nxd4 e5 5. Nb5 d6 6. c4 a6 7. N5c3 Nf6 8. Be2 Be7 9. Be3 Be6 10. 0-0 0-0 11. b3 Rc8 12. Nd2 Qd7 13. Rc1 Ng4 14. Bxg4 Bxg4 15. f3 Be6 16. Qe2 Qe8 17. Rfd1 f6 18. Nf1 Qg6 19. Nd5 Bd8 20. Nb6 Bxb6 21. Bxb6 Nd4 22. Bxd4 exd4 23. Rxd4 Rc6 24. Rcd1 Rd8 25. Ne3 h5 26. Nd5 Qf7 27. Nf4 Bc8 28. Qf2 b5 29. cxb5 axb5 30. Rd5 g5 31. Nd3 Be6 32. Rxb5 Rdc8 33. h3 Qc7 34. Qd4 Kg7 35. Rxg5+ Kf7 36. Rxh5 Rg8 37. Rh7+ Rg7 38. Rxg7+ Kxg7 39. Nf4 1-0